[Event "21st Dubai Open 2019"]
[Site "Dubai"]
[Date "2019.04.07"]
[Round "7.4"]
[White "Yeoh, Li Tian"]
[Black "Le, Quang Liem"]
[Result "1/2-1/2"]
[WhiteElo "2522"]
[BlackElo "2711"]
[Annotator "TA"]
[PlyCount "185"]
[EventDate "2019.04.01"]
[EventType "swiss"]
[EventCountry "UAE"]
[SourceTitle "playchess.com"]
[Source "ChessBase"]
[SourceQuality "1"]

{[%evp 22,185,-9,-2,0,-8,-6,-7,8,1,13,0,-6,2,22,11,14,20,47,13,49,43,50,32,58,29,28,24,33,33,33,33,34,7,16,0,0,0,13,-12,-17,-29,-20,-19,-18,-18,-12,-16,-14,-21,-16,-27,-25,-27,-26,-27,-27,-31,-23,-26,-16,-31,-31,-31,-15,-20,0,0,0,0,0,-31,0,0,0,-31,-31,-35,-35,-35,-35,-35,-15,-35,-27,-28,-15,-16,-8,-8,0,0,0,0,0,0,0,0,0,-16,0,-36,-36,-36,-36,-43,-43,-44,-44,-71,-71,-71,-71,-70,-64,-71,-71,-71,-70,-71,-70,-125,-124,-138,-138,-180,-120,-120,-13,-14,-34,-31,-32,-172,-165,-158,-158,-210,-220,-185,-37,-18,0,-202,-202,-217,-206,-348,-348,-284,-237,-232,-195,-237,-210,-116,-8,-8,-19,-409,-449,-568,-551,-502,46,46]} 1. Nf3 c5 2. c4 Nc6 3. Nc3 e5 4. g3 g6 5. Bg2 Bg7 6. O-O Nge7 7. a3 O-O 8. Ne1 d6 9. Nc2 Be6 10. Ne3 Qd7 11. d3 Bh3 12. Ned5 Bxg2 {A37: Symmetrical English vs ...g6: 4 Bg2 Bg7 5 Nf3} 13. Kxg2 f5 14. Rb1 {[#]} h6 $146 {The position is equal.} ({Predecessor:} 14... Rac8 15. f3 Rf7 16. b4 Nxd5 17. Nxd5 Ne7 18. Nxe7+ Rxe7 19. Be3 Qe6 20. bxc5 dxc5 {0-1 (72) Lenderman,A (2611)-Le,Q (2737) chess.com INT 2018}) 15. b4 g5 16. b5 Nxd5 17. Nxd5 Nd4 18. e3 Ne6 19. Qh5 Kh7 20. h3 Bh8 21. Bd2 Rf7 22. Rh1 Rg8 23. Qe2 Nf8 24. f3 Ng6 25. e4 f4 26. g4 $1 Bf6 27. Be1 Bd8 28. Qc2 h5 29. Qa4 b6 30. Qa6 ({Much worse is} 30. gxh5 Nh4+ 31. Bxh4 gxh4+ 32. Kf2 Rfg7 $17) 30... Rh8 31. Bf2 Kg8 32. Rh2 Rfh7 33. Rbh1 Kf7 34. Be1 Nf8 35. Kg1 Ne6 36. Bf2 Ke8 37. Kg2 Rh6 38. Kg1 Kf7 39. Kg2 Kg6 40. Kg1 Bf6 41. Kg2 R8h7 42. Qa4 Qg7 43. Qd1 Qh8 44. Qg1 Kf7 45. Kf1 Bd8 46. gxh5 Rxh5 {Strongly threatening ...g4.} 47. Qg4 R7h6 48. Ke2 Qh7 49. Kd2 Ke8 50. Kc3 Qd7 51. a4 Nf8 (51... Rh8 {seems wilder.} 52. Qg2 Qg7 53. Kb2 Kd7 54. Ra1 Kc8) 52. Qxd7+ Kxd7 53. Kd2 Rh7 54. Ke2 Ke6 55. Kf1 Ng6 56. Kg2 R5h6 57. Nc3 Nh8 58. Be1 Nf7 59. Nd1 Nh8 60. Nf2 Ng6 61. Ng4 Rh5 62. Kf1 {[#]} a6 $1 {[%mdl 512]} 63. bxa6 Ra7 64. Ra2 Rxa6 65. Ke2 Rh7 66. Bc3 Rha7 67. Rha1 Kd7 68. Be1 Nf8 69. Bc3 Ne6 70. Kd2 Nc7 71. Kc2 {[#]} ({Better is} 71. Rb2 $15) 71... b5 $1 $17 {[%mdl 512]} 72. Kb3 (72. axb5 Rxa2+) 72... bxc4+ 73. Kxc4 Kc6 (73... Ne6 $1 $19 74. Rf1 Kc6) 74. Nh6 d5+ (74... Ne6 $17 {Black wants to play ...Nd4.} 75. Nf5 Nd4 76. Nxd4+ cxd4) 75. exd5+ $11 Nxd5 {White must now prevent ...Ne3+.} 76. Ng4 Bc7 77. Nxe5+ (77. Bd2 $15) 77... Bxe5 $19 78. Bxe5 {[#]} Rb6 $1 {[%csl Gc5,Gd5][%cal Rb6b4]} 79. Rb2 Re7 {[%mdl 1024] Black has strong compensation.} 80. Bh8 Re8 ({Black should play} 80... Rh7 $19 81. Be5 Rxb2 82. Bxb2 Rxh3) 81. Bg7 $15 Re7 $2 (81... Rxb2 $11 82. Bxb2 Re3) 82. Bh8 $19 Rh7 83. Be5 Rxh3 84. Rg1 (84. a5 {is a better defense.} Rxb2 85. Bxb2) 84... Rxb2 ({Don't do} 84... Rxf3 85. Rxb6+ Nxb6+ 86. Kc3) 85. Bxb2 {[%mdl 4096] Endgame KRB-KRN} Rg3 86. Rh1 Ne3+ 87. Kb3 Rxf3 88. Rh6+ {[#]} Kd5 (88... Kd7 $1 $17 {Hoping for ...c4+!} 89. Rg6 Rg3) 89. a5 $1 $11 {[%cal Ra5a6]} c4+ 90. Kb4 $2 {[%mdl 8192]} (90. Ka2 $1 $11 {and White has nothing to worry.} Nc2 91. dxc4+ Kc5 92. a6 Nb4+ 93. Kb1 Rf1+ 94. Bc1) 90... cxd3 $19 {And now ...d2 would win.} 91. a6 {a7 would kill now.} Rf2 92. Bc3 {Threatens to win with Kb3.} Nc2+ $2 (92... Ke4 $19 93. Re6+ Kf3) 93. Kb3 $1 {Accuracy: White = 55%, Black = 54%.} 1/2-1/2

[Event "21st Dubai Open 2019"]
[Site "Dubai"]
[Date "2019.04.07"]
[Round "7.5"]
[White "Iniyan, P."]
[Black "Mareco, Sandro"]
[Result "1-0"]
[WhiteElo "2512"]
[BlackElo "2651"]
[Annotator "TA"]
[PlyCount "77"]
[EventDate "2019.04.01"]
[EventType "swiss"]
[EventCountry "UAE"]
[SourceTitle "playchess.com"]
[Source "ChessBase"]
[SourceQuality "1"]

{[%evp 12,77,12,9,12,12,22,17,17,12,35,14,12,1,12,2,13,0,39,42,67,61,65,36,36,39,39,31,60,55,96,87,114,112,116,112,176,166,231,224,269,265,333,357,465,458,741,713,651,572,551,372,372,357,383,383,366,356,443,441,441,441,441,433,372,413,475,441]} 1. d4 Nf6 2. c4 e6 3. Nc3 Bb4 4. e3 O-O 5. Bd3 d5 6. Nf3 b6 7. O-O Ba6 {E52: Nimzo-Indian: Rubinstein: 4...0-0 5 Nf3 d5 6 Bd3 b6} 8. cxd5 Bxd3 9. Qxd3 {dxe6 is the strong threat.} exd5 {The position is equal.} 10. Ne5 Re8 11. Bd2 c6 $146 ({Predecessor:} 11... Bxc3 12. Bxc3 Ne4 13. Rac1 f6 14. Nf3 a5 15. Be1 {1-0 (48) Edouard,R (2641)-Baklan,V (2614) Drancy 2016}) 12. a3 Bxc3 13. Bxc3 Ne4 14. f3 Nd6 15. Rae1 f6 16. Ng4 Qc8 17. Bb4 $36 {[%mdl 2048] White has good play.} Nf7 18. e4 Na6 19. e5 fxe5 20. dxe5 Nc7 21. h3 $1 c5 22. Bd2 c4 (22... h5 $2 23. Nf6+ $1 {[%mdl 512]} gxf6 24. Qg6+ Kf8 25. exf6 $18) 23. Qb1 d4 (23... Na6 $16) 24. f4 $18 Nd5 (24... d3 $142) 25. Qe4 Qc5 {[#]} 26. Bb4 $1 {[%mdl 512]} Nxb4 27. axb4 Qxb4 28. f5 d3 (28... Ng5 $142 29. Qf4 Qe7) 29. f6 {And now fxg7 would win.} d2 30. Re3 {aiming for e6.} Rad8 31. e6 Rxe6 ({Not} 31... d1=Q 32. exf7+ Kxf7 33. Nh6+ $1 {[%mdl 512]} Kf8 34. fxg7+ Kxg7 35. Rg3+ Kxh6 36. Qh4+ Qh5 37. Rf6#) 32. Qxe6 {Intending fxg7 and mate.} d1=Q {[#] Threatens to win with ...Qdd6.} 33. Nh6+ $1 {[%mdl 512]} gxh6 {[#]} 34. Qe8+ $1 {[%mdl 512]} Rxe8 35. Rxe8+ (35. Rxd1 {gets mated.} Rxe3 36. Kf2 Re4 37. Kg1 Qc5+ 38. Kh1 Re2 39. Rg1 Qc6 40. b4 cxb3 41. Kh2 Qd6+ 42. Kh1 Qg3 43. Rf1 Qxg2#) 35... Qf8 36. Rxf8+ (36. Rxd1 $2 {too greedy.} Qxe8 37. Kh1 Qe3 $19) 36... Kxf8 37. Rxd1 Ne5 38. Rd5 Nc6 39. Rd7 {Accuracy: White = 83%, Black = 47%.} 1-0

[Event "21st Dubai Open 2019"]
[Site "Dubai"]
[Date "2019.04.07"]
[Round "7.6"]
[White "Haug, Johannes"]
[Black "Adly, Ahmed"]
[Result "0-1"]
[WhiteElo "2424"]
[BlackElo "2620"]
[Annotator "TA"]
[PlyCount "94"]
[EventDate "2019.04.01"]
[EventType "swiss"]
[EventCountry "UAE"]
[SourceTitle "playchess.com"]
[Source "ChessBase"]
[SourceQuality "1"]

{[%evp 9,94,16,18,-2,12,8,23,26,27,21,15,28,17,26,8,-2,0,0,0,0,0,0,11,12,12,3,10,18,19,0,0,0,0,0,0,0,0,-79,-66,-91,-91,-97,-85,-87,-82,-79,-3,-141,-138,-127,-141,-146,-133,-163,-131,-208,-205,-223,-195,-238,-228,-225,-220,-227,-187,-253,-251,-337,-293,-358,-364,-680,-655,-655,-652,-684,-584,-2053,-1905,-1403,-1312,-29974,-29974,-29974,-29974,-29975,-892]} 1. e4 c5 2. Nf3 Nc6 3. Bb5 Nf6 4. Nc3 g6 5. Bxc6 $146 (5. O-O Bg7 6. e5 Ng4 7. Bxc6 dxc6 8. Re1 O-O 9. d3 Nh6 10. h3 Nf5 11. Ne4 b6 12. Bf4 Nd4 13. c3 Nxf3+ 14. Qxf3 Be6 15. Qe3 Qd5 16. c4 Qd7 17. Bh6 Rfd8 18. Bxg7 Kxg7 {0-1 (44) Vidit,S (2707)-Li,C (2732) Liaocheng 2018}) 5... bxc6 6. e5 {B30: Sicilian: 2...Nc6 3 Bb5, lines without ...g6} Nd5 7. Ne4 d6 8. O-O {White has an edge.} Bg7 9. exd6 exd6 10. d4 O-O 11. dxc5 dxc5 12. c4 Re8 13. Nxc5 Nb6 14. Qxd8 Rxd8 15. Bg5 f6 16. Bd2 Nxc4 17. Bc3 Rd5 18. Ne4 Kf7 19. b3 Nb6 20. Rac1 Bf5 $36 {[%mdl 2048] Black fights for an advantage.} 21. Rfe1 c5 {[%cal Bc6c5,Bc5c4][%mdl 32]} 22. h3 h5 23. b4 (23. Nh4 $11) 23... c4 $1 $17 24. Bd4 {[#]} Rxd4 $1 {[%mdl 512]} 25. Nxd4 Bxe4 $1 26. Rxe4 {aiming for Nc6.} f5 27. Rf4 Nd5 (27... Bh6 $17 28. g3 Bxf4 29. gxf4 a6) 28. Ne2 (28. Rh4 $11 {keeps the balance.}) 28... Nxf4 29. Nxf4 {[%mdl 4096] Endgame KRB-KRN} c3 30. Nd5 Rc8 31. Kf1 Rc4 32. g3 (32. Ne3 $17 {was worth a try.} Rxb4 33. Nd1) 32... h4 $19 33. Ke2 Be5 34. a3 hxg3 35. fxg3 {[#]} Ke6 $1 {[%cal Re6d5]} ({Less strong is} 35... Bxg3 36. Rxc3 Rxc3 37. Nxc3 $15) 36. Ne3 Rc8 37. Kf3 (37. Kd3 $142) 37... Rd8 38. Rc2 {[#]} g5 $1 39. Ke2 Rh8 40. h4 $2 (40. Nc4 Bxg3 41. Rxc3 Rxh3 42. Ne3) 40... gxh4 41. gxh4 Rxh4 42. b5 Rh2+ 43. Kd3 {If only White now had time for Rxh2....} Rh3 44. Ke2 f4 45. Nd1 Bd4 {Black mates.} 46. a4 Kd5 47. a5 Ke5 {Accuracy: White = 39%, Black = 80%.} (47... Ke4 $142 48. Rxc3 f3+ 49. Rxf3 Rxf3 50. Ke1 Ra3 51. a6 Ra2 52. b6 axb6 53. a7 Rxa7 54. Nf2+ Bxf2+ 55. Kxf2 Rg7 56. Ke2 Rg2+ 57. Ke1 Ke3 58. Kd1 b5 59. Kc1 Kd3 60. Kb1 Kc3 61. Ka1 Kb3 62. Kb1 Rg1#) 0-1

[Event "21st Dubai Open 2019"]
[Site "Dubai"]
[Date "2019.04.07"]
[Round "7.7"]
[White "Mchedlishvili, Mikheil"]
[Black "Sanal, Vahap"]
[Result "1/2-1/2"]
[WhiteElo "2610"]
[BlackElo "2513"]
[Annotator "TA"]
[PlyCount "59"]
[EventDate "2019.04.01"]
[EventType "swiss"]
[EventCountry "UAE"]
[SourceTitle "playchess.com"]
[Source "ChessBase"]
[SourceQuality "1"]

{[%evp 22,59,12,11,19,4,21,-8,-6,-13,-10,-8,-10,-4,0,0,0,0,0,0,-4,-12,-12,-21,0,0,0,-12,-12,-12,-12,-12,-12,-17,-17,-19,-19,-19,-19,-19]} 1. c4 Nf6 2. Nf3 e6 3. d4 b6 4. e3 Bb7 5. Bd3 d5 6. O-O Be7 7. cxd5 exd5 8. Nc3 O-O 9. b3 Nbd7 10. Bb2 a6 11. Ne2 {E14: Queen's Indian: Classical Variation (4 e3)} (11. Ne5 Bd6 12. Ne2 Re8 13. f4 Ne4 14. Ng3 Nf8 15. Nxe4 dxe4 16. Bc4 Re7 17. Qh5 g6 18. Qh6 Bxe5 19. dxe5 b5 20. Rad1 Qe8 {1-0 (43) Nakamura,H (2780)-Topalov,V (2749) Saint Louis 2017}) 11... Bd6 12. Ng3 {LiveBook: 4 Games. The position is equal.} g6 13. Ne5 Ne4 $146 ({Predecessor:} 13... Qe7 14. f4 Ne4 15. Bxe4 dxe4 16. Nxd7 Qxd7 17. d5 Be7 18. Qd4 f6 19. Rad1 Bc5 {½-½ (19) Danner,G (2426)-Spassov,L (2383) Gmunden 2007}) 14. Qc2 {[%cal Rg3e4]} Nxg3 15. hxg3 Qe8 {[%cal Rd7e5]} 16. Rac1 f6 17. Nc6 Nb8 18. Nxb8 Rxb8 19. a4 f5 20. Ra1 Qe7 21. Qc1 h5 22. Ba3 $1 a5 23. Bxd6 Qxd6 24. Qa3 (24. Qd2 {with more complications.} Ra8 25. Rfc1 Rf7 26. Ra2 Kg7 27. Rb2) 24... Qxa3 25. Rxa3 Kf7 26. Ra2 Ke6 27. Rc2 Kd6 28. Rfc1 Rbc8 29. f3 c5 30. Kf2 {Precision: White = 82%, Black = 84%.} 1/2-1/2

[Event "21st Dubai Open 2019"]
[Site "Dubai"]
[Date "2019.04.07"]
[Round "7.8"]
[White "Can, Emre"]
[Black "Dimakiling, Oliver"]
[Result "1-0"]
[WhiteElo "2599"]
[BlackElo "2404"]
[Annotator "ChessBase"]
[PlyCount "97"]
[EventDate "2019.04.01"]
[EventType "swiss"]
[EventCountry "UAE"]
[SourceTitle "playchess.com"]
[Source "ChessBase"]
[SourceQuality "1"]
[TimeControl "5400+30"]

1. d4 {[%emt 0:00:00]} Nf6 {[%emt 0:00:00]} 2. c4 {[%emt 0:00:09]} b6 {[%emt 0:00:04]} 3. Nc3 {[%emt 0:00:41]} Bb7 {[%emt 0:00:17]} 4. Qc2 {[%emt 0:00:14]} d6 {[%emt 0:01:22]} 5. e4 {[%emt 0:00:42]} Nbd7 {[%emt 0:00:34]} 6. Nf3 {[%emt 0:02:15]} e5 {[%emt 0:01:05]} 7. d5 {[%emt 0:02:15]} Be7 {[%emt 0:00:38]} 8. Be2 {[%emt 0:02:58]} c6 {[%emt 0:00:25]} 9. O-O {[%emt 0:03:09]} Rc8 {[%emt 0:00:39]} 10. Be3 {[%emt 0:05:12]} O-O {[%emt 0:02:06]} 11. Nd2 {[%emt 0:02:30]} Ne8 {[%emt 0:05:03]} 12. dxc6 {[%emt 0:04:23]} Bxc6 {[%emt 0:01:56]} 13. Rfd1 {[%emt 0:00:19]} g6 {[%emt 0:03:35]} 14. Bh6 {[%emt 0:08:54]} Ng7 {[%emt 0:00:10]} 15. Bg4 {[%emt 0:00:48]} Rc7 {[%emt 0:05:36]} 16. Nf1 {[%emt 0:07:53]} Nc5 {[%emt 0:07:35]} 17. Ne3 {[%emt 0:00:34]} Bg5 {[%emt 0:09:39]} 18. Bxg7 {[%emt 0:17:24]} Kxg7 {[%emt 0:00:17]} 19. Ned5 {[%emt 0:00:31]} Rb7 {[%emt 0:01:20]} 20. Nb4 {[%emt 0:00:20]} Be8 {[%emt 0:01:32]} 21. Nb5 {[%emt 0:00:28]} Be7 {[%emt 0:05:56]} 22. Nd5 {[%emt 0:04:12]} h5 {[%emt 0:04:03]} 23. Bh3 {[%emt 0:00:54]} a5 {[%emt 0:01:19]} 24. b3 {[%emt 0:06:59]} Bd7 {[%emt 0:06:52]} 25. Bxd7 {[%emt 0:01:01]} Rxd7 {[%emt 0:00:07]} 26. a3 {[%emt 0:04:37]} f5 {[%emt 0:04:00]} 27. exf5 {[%emt 0:00:56]} Rxf5 {[%emt 0:00:07]} 28. b4 {[%emt 0:02:09]} Ne6 {[%emt 0:00:06]} 29. Rd3 {[%emt 0:00:44]} Bf8 {[%emt 0:00:39]} 30. Rad1 {[%emt 0:02:24]} Rdf7 {[%emt 0:01:06]} 31. f3 {[%emt 0:00:35]} Qg5 {[%emt 0:03:26]} 32. Qd2 {[%emt 0:02:01]} Qh4 {[%emt 0:00:10]} 33. Qf2 {[%emt 0:00:17]} Qxc4 {[%emt 0:00:09]} 34. Nxd6 {[%emt 0:00:08]} Bxd6 {[%emt 0:01:39]} 35. Ne3 {[%emt 0:00:20]} Bc5 {[%emt 0:10:54]} 36. bxc5 {[%emt 0:01:07]} Qxc5 {[%emt 0:00:06]} 37. Nxf5+ {[%emt 0:00:27]} gxf5 {[%emt 0:01:18]} 38. Qxc5 {[%emt 0:00:08]} bxc5 {[%emt 0:00:14]} 39. Rd5 {[%emt 0:01:06]} Kf6 {[%emt 0:00:14]} 40. Re1 {[%emt 0:01:03]} Nf4 {[%emt 0:00:17]} 41. Rxc5 {[%emt 0:03:10]} Nd3 {[%emt 0:00:41]} 42. Rc6+ {[%emt 0:00:07]} Kg5 {[%emt 0:00:06]} 43. Re3 {[%emt 0:02:44]} Rd7 {[%emt 0:00:11]} 44. g3 {[%emt 0:02:58]} f4 {[%emt 0:01:30]} 45. Re2 {[%emt 0:00:16]} Rd5 {[%emt 0:00:15]} 46. Rd2 {[%emt 0:00:45]} fxg3 {[%emt 0:02:15]} 47. hxg3 {[%emt 0:00:10]} Kf5 {[%emt 0:00:04]} 48. Rc4 {[%emt 0:00:55]} Rd7 {[%emt 0:00:37]} 49. Kf1 {[%emt 0:00:23]} 1-0

[Event "21st Dubai Open 2019"]
[Site "Dubai"]
[Date "2019.04.07"]
[Round "7.9"]
[White "Abdusattorov, Nodirbek"]
[Black "Raghunandan, Kaumandur Srihari"]
[Result "1-0"]
[WhiteElo "2578"]
[BlackElo "2370"]
[Annotator "ChessBase"]
[PlyCount "81"]
[EventDate "2019.04.01"]
[EventType "swiss"]
[EventCountry "UAE"]
[SourceTitle "playchess.com"]
[Source "ChessBase"]
[SourceQuality "1"]
[TimeControl "5400+30"]

1. e4 {[%emt 0:00:00]} c5 {[%emt 0:00:00]} 2. Nf3 {[%emt 0:00:00]} d6 {[%emt 0:00:00]} 3. d4 {[%emt 0:00:00]} cxd4 {[%emt 0:00:03]} 4. Nxd4 {[%emt 0:00:00]} Nf6 {[%emt 0:00:06]} 5. Nc3 {[%emt 0:00:03]} a6 {[%emt 0:00:05]} 6. Be3 {[%emt 0:00:05]} e5 {[%emt 0:00:12]} 7. Nb3 {[%emt 0:00:08]} Be6 {[%emt 0:00:06]} 8. f3 {[%emt 0:00:06]} h5 {[%emt 0:00:06]} 9. Qd2 {[%emt 0:00:06]} Nbd7 {[%emt 0:00:11]} 10. O-O-O {[%emt 0:00:38]} Rc8 {[%emt 0:01:44]} 11. Kb1 {[%emt 0:00:31]} Be7 {[%emt 0:00:23]} 12. Bg5 {[%emt 0:01:35]} Qc7 {[%emt 0:05:37]} 13. h4 {[%emt 0:00:25]} b5 {[%emt 0:03:45]} 14. a3 {[%emt 0:00:39]} Nb6 {[%emt 0:04:28]} 15. Bxf6 {[%emt 0:01:07]} gxf6 {[%emt 0:00:55]} 16. Na5 {[%emt 0:01:27]} Kf8 {[%emt 0:34:27]} 17. Be2 {[%emt 0:08:57]} f5 {[%emt 0:15:19]} 18. f4 {[%emt 0:12:29]} fxe4 {[%emt 0:04:02]} 19. Rhf1 {[%emt 0:18:03]} exf4 {[%emt 0:11:13]} 20. Nxe4 {[%emt 0:00:58]} d5 {[%emt 0:01:18]} 21. Ng5 {[%emt 0:01:37]} Bxg5 {[%emt 0:01:05]} 22. hxg5 {[%emt 0:00:07]} Rg8 {[%emt 0:02:25]} 23. Rxf4 {[%emt 0:04:55]} Rxg5 {[%emt 0:00:15]} 24. Nb3 {[%emt 0:01:11]} Rxg2 {[%emt 0:03:15]} 25. Nd4 {[%emt 0:00:36]} Qe5 {[%emt 0:05:32]} 26. Nxe6+ {[%emt 0:08:22]} Qxe6 {[%emt 0:00:06]} 27. Qb4+ {[%emt 0:00:09]} Kg8 {[%emt 0:02:03]} 28. Bxh5 {[%emt 0:00:56]} Rc4 {[%emt 0:01:16]} 29. Rxc4 {[%emt 0:03:09]} Nxc4 {[%emt 0:00:02]} 30. Bf3 {[%emt 0:01:26]} a5 {[%emt 0:02:44]} 31. Qc3 {[%emt 0:02:44]} Rg3 {[%emt 0:00:11]} 32. Rh1 {[%emt 0:03:13]} Ne5 {[%emt 0:01:50]} 33. Qc7 {[%emt 0:00:41]} Rh3 {[%emt 0:01:11]} 34. Rg1+ {[%emt 0:03:42]} Kh7 {[%emt 0:00:28]} 35. Bxd5 {[%emt 0:01:10]} Qf5 {[%emt 0:00:33]} 36. Ka2 {[%emt 0:07:12]} b4 {[%emt 0:00:30]} 37. Re1 {[%emt 0:01:00]} Ng6 {[%emt 0:00:28]} 38. Bxf7 {[%emt 0:00:50]} Kh6 {[%emt 0:00:32]} 39. Bxg6 {[%emt 0:00:54]} Qxg6 {[%emt 0:00:19]} 40. Qf4+ {[%emt 0:00:11]} Qg5 {[%emt 0:00:23]} 41. Re6+ {[%emt 0:00:15]} 1-0

[Event "21st Dubai Open 2019"]
[Site "Dubai"]
[Date "2019.04.07"]
[Round "7.10"]
[White "Debashis, Das"]
[Black "Bharath Subramaniyam H"]
[Result "1-0"]
[WhiteElo "2538"]
[BlackElo "2301"]
[Annotator "ChessBase"]
[PlyCount "97"]
[EventDate "2019.04.01"]
[EventType "swiss"]
[EventCountry "UAE"]
[SourceTitle "playchess.com"]
[Source "ChessBase"]
[SourceQuality "1"]
[TimeControl "5400+30"]

1. d4 {[%emt 0:00:00]} Nf6 {[%emt 0:00:00]} 2. c4 {[%emt 0:00:00]} e6 {[%emt 0:00:00]} 3. Nc3 {[%emt 0:00:00]} c5 {[%emt 0:00:10]} 4. d5 {[%emt 0:00:06]} exd5 {[%emt 0:00:12]} 5. cxd5 {[%emt 0:00:04]} d6 {[%emt 0:00:11]} 6. Nf3 {[%emt 0:00:05]} g6 {[%emt 0:00:09]} 7. Nd2 {[%emt 0:00:06]} Nbd7 {[%emt 0:00:23]} 8. e4 {[%emt 0:00:23]} Bg7 {[%emt 0:00:14]} 9. Be2 {[%emt 0:01:28]} O-O {[%emt 0:00:12]} 10. O-O {[%emt 0:00:05]} Re8 {[%emt 0:00:26]} 11. a4 {[%emt 0:00:30]} Ne5 {[%emt 0:00:17]} 12. Qc2 {[%emt 0:00:51]} Bg4 {[%emt 0:00:44]} 13. Bb5 {[%emt 0:13:58]} Bd7 {[%emt 0:08:45]} 14. Be2 {[%emt 0:03:40]} Bg4 {[%emt 0:07:51]} 15. f4 {[%emt 0:01:13]} Ned7 {[%emt 0:05:08]} 16. Bd3 {[%emt 0:03:18]} Nh5 {[%emt 0:06:30]} 17. Nc4 {[%emt 0:00:15]} Nb6 {[%emt 0:02:55]} 18. Ne3 {[%emt 0:19:18]} Bd4 {[%emt 0:06:10]} 19. a5 {[%emt 0:00:06]} c4 {[%emt 0:00:42]} 20. axb6 {[%emt 0:00:50]} cxd3 {[%emt 0:00:17]} 21. Qxd3 {[%emt 0:00:16]} Bxb6 {[%emt 0:04:38]} 22. Kh1 {[%emt 0:01:17]} Bd7 {[%emt 0:11:18]} 23. Nc4 {[%emt 0:03:08]} Bc5 {[%emt 0:01:11]} 24. Be3 {[%emt 0:15:45]} b5 {[%emt 0:01:36]} 25. Nd2 {[%emt 0:00:37]} b4 {[%emt 0:02:52]} 26. Nd1 {[%emt 0:01:26]} Rc8 {[%emt 0:08:05]} 27. Bxc5 {[%emt 0:08:01]} Rxc5 {[%emt 0:00:08]} 28. Rf2 {[%emt 0:00:48]} Qh4 {[%emt 0:07:52]} 29. Kg1 {[%emt 0:09:47]} Bb5 {[%emt 0:13:29]} 30. Qf3 {[%emt 0:01:52]} Rc2 {[%emt 0:03:00]} 31. g3 {[%emt 0:02:53]} Qh3 {[%emt 0:01:02]} 32. f5 {[%emt 0:03:48]} Re7 {[%emt 0:06:05]} 33. Ne3 {[%emt 0:03:44]} Rxb2 {[%emt 0:00:16]} 34. Rc1 {[%emt 0:00:02]} f6 {[%emt 0:01:00]} 35. fxg6 {[%emt 0:00:45]} hxg6 {[%emt 0:00:01]} 36. Ng4 {[%emt 0:00:20]} Kh8 {[%emt 0:02:49]} 37. e5 {[%emt 0:03:20]} dxe5 {[%emt 0:00:52]} 38. d6 {[%emt 0:00:06]} Rf7 {[%emt 0:00:48]} 39. Qd5 {[%emt 0:01:07]} Rg7 {[%emt 0:00:29]} 40. Nxf6 {[%emt 0:02:27]} Nxf6 {[%emt 0:00:08]} 41. Rxf6 {[%emt 0:00:02]} Bd7 {[%emt 0:00:43]} 42. Rf8+ Kh7 43. Qa8 {[%emt 0:00:40]} Kh6 {[%emt 0:00:21]} 44. Rh8+ {[%emt 0:00:22]} Rh7 {[%emt 0:00:00]} 45. Qf8+ {[%emt 0:00:08]} Kg5 {[%emt 0:00:01]} 46. Nf3+ {[%emt 0:00:26]} Kg4 {[%emt 0:00:05]} 47. Nxe5+ {[%emt 0:00:04]} Kg5 {[%emt 0:00:05]} 48. Qf4+ {[%emt 0:00:07]} Kh5 {[%emt 0:00:06]} 49. Rxh7# {[%emt 0:00:04]} 1-0

[Event "21st Dubai Open 2019"]
[Site "Dubai"]
[Date "2019.04.07"]
[Round "7.11"]
[White "Deepan Chakkravarthy J."]
[Black "Mulenga, Prince Daniel"]
[Result "1-0"]
[WhiteElo "2534"]
[BlackElo "2252"]
[Annotator "TA"]
[PlyCount "51"]
[EventDate "2019.04.01"]
[EventType "swiss"]
[EventCountry "UAE"]
[SourceTitle "playchess.com"]
[Source "ChessBase"]
[SourceQuality "1"]

{[%evp 20,51,69,70,92,87,83,81,125,102,112,123,114,104,114,77,88,86,83,93,99,43,197,189,445,449,445,444,552,532,943,897,1168,1150]} 1. Nf3 Nf6 2. g3 g6 3. Bg2 Bg7 4. O-O O-O 5. c4 d6 6. Nc3 c6 7. d4 Qa5 8. h3 e5 9. e4 {[%cal Be2e4,Be4d5][%mdl 32]} Na6 10. Be3 {E62: King's Indian: Fianchetto: 6...c6 and Panno Variation (6...Nc6) without ...a6} Be6 $146 (10... exd4 11. Nxd4 Re8 12. Re1 Be6 13. Nb3 Qc7 14. Qe2 Nd7 15. Nd4 Nb6 16. Nxe6 Rxe6 17. Rac1 Nc5 {½-½ (31) Orzech,D (2380)-Lobejko,R (2313) Poronin 2017}) 11. Qe2 {LiveBook: 4 Games} Qb4 12. d5 {White is better.} cxd5 13. exd5 Bd7 14. a3 Qa5 15. b4 Qd8 16. Rfd1 Nh5 17. Rac1 f5 18. Bg5 Bf6 19. Bh6 $36 {[%mdl 2048] White is really pushing.} Re8 20. Nb5 ({White should try} 20. Qd2 $16) 20... Qe7 $2 {[#]} (20... Bxb5 $1 $14 21. cxb5 Nc7) 21. c5 $1 $18 e4 $2 (21... Bxb5 22. Qxb5 e4) 22. Nxd6 {White is clearly winning.} exf3 23. Qxf3 Ba4 24. Nxe8 Bxd1 25. Nxf6+ Qxf6 26. Rxd1 {Accuracy: White = 84%, Black = 22%.} 1-0